| 000 | 01166nam0a22002651 4500 | ||
|---|---|---|---|
| 001 | rc\846746 | ||
| 005 | 20260406233939.0 | ||
| 035 | _a(NLR Aleph) 006027656 | ||
| 090 |
_a7495122 _c7495122 |
||
| 100 | _a20041129d1983 |||y0rusy50 ca | ||
| 101 | 0 | _arus | |
| 102 | _aRU | ||
| 105 | _aa ||||||||| | ||
| 200 | 1 |
_aАдольф Миттель _eЖивопись _e[Выставка в Резекне. Училище прикл. искусства, 1983 г. _fВступ. статьи П.П. Упениекса, искусствоведа И. Вилпука] |
|
| 210 |
_aРезекне _cБ. и. _d1983 |
||
| 215 |
_a23 с. _cил. _d22 |
||
| 300 | _aПарал. загл. на латыш. яз. | ||
| 300 | _aВ надзаг.: ...Резекн. молоч.-консерв. комб. | ||
| 300 | _aВступ. статья и подписи к ил. парал. на рус. и латыш. яз. | ||
| 710 | 1 | 0 |
_aМиттель, _gАдольф Яковлевич _hВыставка живописи _f1983 _eРезекне _3RU\NLR\AUTH\889987434 _9470446 |
| 801 | 0 |
_aRU _bNLR _gpsbo |
|
| 801 | 1 |
_aRU _bELAR _2rusmarc |
|
| 852 |
_aNLR _bЭ _jКП/М675 |
||
| 942 | _cBOOK | ||
| 980 | _aNB | ||